ბათუმის შოთა რუსთაველის სახელმწიფო უნივერსიტეტის ბიბლიოთეკა

ლექსები, 1984-2004 : (ბიბ.ჩანაწერი № 60459)

000 -ლიდერი
ფიქსირებული სიგრძის საკონტროლო ველი 01053nam a22002417a 4500
003 - საკონტროლო ნომრის იდენტიფიკატორი
საკონტროლო ველი Ge_BSU
005 - ბოლო ოპერაციის თარიღი და დრო
საკონტროლო ველი 20230724122404.0
008 - ფიქსირებული სიგრძის მონაცემთა ელემენტები - ზოგადი ინფორმაცია
ფიქსირებული სიგრძის საკონტროლო ველი 230724s2023ge xxu||||| |||| 00| 0 geo d
020 ## - წიგნის საერთაშორისო სტანდარტული ნომერი
International Standard Book Number 9789941003479
041 ## - ენის კოდი
Language code of text/sound track or separate title geo
080 ## - უნივერსალური ათობითი კლასიფიკაციის ინდექსი
Universal Decimal Classification number 821.353.1-1 ბ-32
100 ## - მთავარი ჩანაწერი - პიროვნების სახელი
Personal name ბარბაქაძე, დათო.
9 (RLIN) 19502
245 ## - ცნობა სათაურის შესახებ
Title ლექსები, 1984-2004 :
Remainder of title [კრებული] /
Statement of responsibility, etc დათო ბარბაქაძე.
250 ## - გამოცემის ცნობა
Edition statement მე-2 უდანართო გამოცემა
264 ## - წარმოების, გამოცემის, დისტრიბუციის და სხვა ცნობები
გამოცემის, წარმოების, დისტრიბუციის... ადგილი თბილისი :
გამოცემის, წარმოების, დისტრიბუციის... სახელწოდება მერწყული,
გამოცემის, წარმოების, დისტრიბუციის... თარიღი 2008.
300 ## - ფიზიკური აღწერა
Extent 600 გვ. ;
Other physical details 21 სმ.
500 ## - ზოგადი შენიშვნა
General note გარეკანზე: კარლ შპიცვეგი: ღარიბი პოეტი (1839).
501 ## - შენიშვნა თანმხლებ მასალაზე
With note შენიშვნები: გვ. 543-546.
საძიებელი და ქრონოლოგია: გვ. 547-552.
653 ## - INDEX TERM--UNCONTROLLED
Uncontrolled term ლექსები, 1984-2004
653 ## - INDEX TERM--UNCONTROLLED
Uncontrolled term [კრებული]
773 ## - HOST ITEM ENTRY
Title ნაჩუქარი
942 ## - ADDED ENTRY ELEMENTS (KOHA)
Source of classification or shelving scheme
Koha item type წიგნი
ეგზემპლარები
ჩამოწერის სტატუსი დაკარგული ეგზემპლარის სტატუსი კლასიფიკაციის წყარო ან თაროზე გაწყობის სქემა დაზიანების სტატუსი არ გაიცემა მუდმივი მდებარეობა (დაცვის ადგილი) ამჟამინდელი ადგილსამყოფელი თაროზე განთავსების ადგილი შეძენის თარიღი ღირებულება, შესყიდვის ნორმალური ფასი სრული შენახვის შიფრი შტრიხკოდი ბოლო ოპერაციის თარიღი ეგზემპლარის მიმდევრობითი ნომერი (კეტერი?) ფასის ძალაში შესვლის თარიღი ეგზემპლარის სახეობა საჯარო შენიშვნა
          ბათუმის შოთა რუსთაველის სახელმწიფო უნივერსიტეტის მთავარი ბიბლიოთეკა ბათუმის შოთა რუსთაველის სახელმწიფო უნივერსიტეტის მთავარი ბიბლიოთეკა წიგნსაცავი 2023-07-24 8.00 821.353.1-1 ბ-32 65024 2023-07-24 65024 2023-07-24 წიგნი 8.00